<?xml version="1.0" encoding="UTF-8"?>
<record
    xmlns:xsi="http://www.w3.org/2001/XMLSchema-instance"
    xsi:schemaLocation="http://www.loc.gov/MARC21/slim http://www.loc.gov/standards/marcxml/schema/MARC21slim.xsd"
    xmlns="http://www.loc.gov/MARC21/slim">

  <leader>03630nam a2200421 a 4500</leader>
  <controlfield tag="001">ebr10580294</controlfield>
  <controlfield tag="003">CaPaEBR</controlfield>
  <controlfield tag="006">m        u        </controlfield>
  <controlfield tag="007">cr cn|||||||||</controlfield>
  <controlfield tag="008">120427s2012    enka    sb    001 0 eng d</controlfield>
  <datafield tag="010" ind1=" " ind2=" ">
    <subfield code="z">  2012010183</subfield>
  </datafield>
  <datafield tag="020" ind1=" " ind2=" ">
    <subfield code="z">9781405199056 (hardcover alk. paper)</subfield>
  </datafield>
  <datafield tag="020" ind1=" " ind2=" ">
    <subfield code="z">9781118342428 (e-book)</subfield>
  </datafield>
  <datafield tag="040" ind1=" " ind2=" ">
    <subfield code="a">CaPaEBR</subfield>
    <subfield code="c">CaPaEBR</subfield>
  </datafield>
  <datafield tag="035" ind1=" " ind2=" ">
    <subfield code="a">(OCoLC)808345268</subfield>
  </datafield>
  <datafield tag="043" ind1=" " ind2=" ">
    <subfield code="a">e------</subfield>
  </datafield>
  <datafield tag="050" ind1="1" ind2="4">
    <subfield code="a">SF996.4</subfield>
    <subfield code="b">.I542 2012eb</subfield>
  </datafield>
  <datafield tag="082" ind1="0" ind2="4">
    <subfield code="a">639.9/6</subfield>
    <subfield code="2">23</subfield>
  </datafield>
  <datafield tag="245" ind1="0" ind2="0">
    <subfield code="a">Infectious diseases of wild mammals and birds in Europe</subfield>
    <subfield code="h">[electronic resource] /</subfield>
    <subfield code="c">edited by Dolores Gavier-Wid&#xFFFD;en, J. Paul Duff, Anna Meredith.</subfield>
  </datafield>
  <datafield tag="260" ind1=" " ind2=" ">
    <subfield code="a">Chichester, England ;</subfield>
    <subfield code="a">Malden, Mass. :</subfield>
    <subfield code="b">Wiley-Blackwell,</subfield>
    <subfield code="c">2012.</subfield>
  </datafield>
  <datafield tag="300" ind1=" " ind2=" ">
    <subfield code="a">xiv, 554 p. :</subfield>
    <subfield code="b">ill. (some col.)</subfield>
  </datafield>
  <datafield tag="504" ind1=" " ind2=" ">
    <subfield code="a">Includes bibliographical references and index.</subfield>
  </datafield>
  <datafield tag="505" ind1="0" ind2=" ">
    <subfield code="a">Section I. Viral infections -- Herpesvirus infections -- Influenza virus infections -- Avian Paramyxovirus infections -- Circovirus Infections -- Calicivirus Infections -- Lyssavirus infections -- Morbillivirus infections -- Orbivirus infections -- Flavivirus infections -- Pestivirus infections -- Picornavirus infections -- Parvovirus infections -- Poxvirus infections -- Adenovirus infections -- Retrovirus infections -- Papillomavirus and Polyomavirus infections -- Coronavirus infections -- Bunyavirus infections -- Other virus infections --</subfield>
  </datafield>
  <datafield tag="505" ind1="0" ind2=" ">
    <subfield code="a">Section II. Bacterial Infections -- Mycobacteria infections -- Yersinia infections -- Tularaemia -- Pasteurella infections -- Brucellosis -- Anthrax -- Chlamydiaceae infections -- Borrelia infections -- Rickettsiales infections : Rickettsia, Anaplasma and Ehrlichia species -- Mycoplasma infections -- Escherichia infections -- Salmonella infections -- Campylobacter infections -- Leptospira infections -- Coxiella burnetii infection -- Listeria infections -- Clostridium species infections and botulism -- Other bacterial infections -- Section III. Fungal and yeast infections -- Aspergilloss -- Yeast infections -- Other fungal infections -- Harmful algal blooms or cyanobacterial toxicosis -- Mycotoxicosis --</subfield>
  </datafield>
  <datafield tag="505" ind1="0" ind2=" ">
    <subfield code="a">Section IV. Prion infections -- Transmissible spongiform encephalopathies, including chronic wasting disease -- Section V. Appendices -- Appendix 1: Some wildlife related new and emerging diseases (WiREDS) in Europe -- Appendix 2: Selected infectious zoonotic diseases of European wildlife species -- Appendix 3: OIE Reportable Wildlife Diseases and socio-economically important wildlife disease pathogens in Europe -- Appendix 4: Wildlife disease pathogens with arthropod vectors -- Appendix 5: Pathogens suspected of causing wild population declines, or of conservation importance -- Appendix 6: Diseases by clinical presentations, mammals -- Appendix 7: Diseases by clinical presentations, birds -- Appendix 8: Species (Family) specific wildlife diseases in Europe.</subfield>
  </datafield>
  <datafield tag="533" ind1=" " ind2=" ">
    <subfield code="a">Electronic reproduction.</subfield>
    <subfield code="b">Palo Alto, Calif. :</subfield>
    <subfield code="c">ebrary,</subfield>
    <subfield code="d">2011.</subfield>
    <subfield code="n">Available via World Wide Web.</subfield>
    <subfield code="n">Access may be limited to ebrary affiliated libraries.</subfield>
  </datafield>
  <datafield tag="650" ind1=" " ind2="0">
    <subfield code="a">Wildlife diseases</subfield>
    <subfield code="z">Europe.</subfield>
  </datafield>
  <datafield tag="650" ind1=" " ind2="0">
    <subfield code="a">Mammals</subfield>
    <subfield code="x">Infections</subfield>
    <subfield code="z">Europe.</subfield>
  </datafield>
  <datafield tag="650" ind1=" " ind2="0">
    <subfield code="a">Birds</subfield>
    <subfield code="x">Infections</subfield>
    <subfield code="z">Europe.</subfield>
  </datafield>
  <datafield tag="650" ind1=" " ind2="0">
    <subfield code="a">Communicable diseases in animals</subfield>
    <subfield code="z">Europe.</subfield>
  </datafield>
  <datafield tag="650" ind1=" " ind2="0">
    <subfield code="a">Veterinary medicine</subfield>
    <subfield code="z">Europe.</subfield>
  </datafield>
  <datafield tag="655" ind1=" " ind2="7">
    <subfield code="a">Electronic books.</subfield>
    <subfield code="2">local</subfield>
  </datafield>
  <datafield tag="700" ind1="1" ind2=" ">
    <subfield code="a">Gavier-Wid&#xFFFD;en, Dolores.</subfield>
  </datafield>
  <datafield tag="700" ind1="1" ind2=" ">
    <subfield code="a">Duff, J. Paul.</subfield>
  </datafield>
  <datafield tag="700" ind1="1" ind2=" ">
    <subfield code="a">Meredith, Anna.</subfield>
  </datafield>
  <datafield tag="710" ind1="2" ind2=" ">
    <subfield code="a">ebrary, Inc.</subfield>
  </datafield>
  <datafield tag="856" ind1="4" ind2="0">
    <subfield code="u">http://site.ebrary.com/lib/rucke/Doc?id=10580294</subfield>
    <subfield code="z">An electronic book accessible through the World Wide Web; click to view</subfield>
  </datafield>
  <datafield tag="999" ind1=" " ind2=" ">
    <subfield code="c">187412</subfield>
    <subfield code="d">187412</subfield>
  </datafield>
</record>
